000 00429nam a22001577a 4500
999 _c17615
_d17615
003 OSt
005 20221114155636.0
008 221114b ||||| |||| 00| 0 eng d
040 _c0
100 _aKabiling, Genalyn D.
_946790
245 _aDOE pushes use of nuclear energy in PH /
260 _aPhilippines ;
_bManila Bulletin,
_cMarch 4, 2020.
300 _apage 2.
650 _aEnergy Resources.
_946791
942 _2ddc
_cPER